000 00584nam a2200193Ia 4500
999 _c2829
_d2829
003 OSt
005 20200928100826.0
008 190216s9999||||xx |||||||||||||| ||und||
020 _a9780521498494
040 _coclc
082 _a574.192
_bWIL/P
100 _aWilson, Keith
_95035
245 0 _aPractical Biochemistry Principles And Techniques /
_cKeith Wilson ; John Walker
250 _a4th Ed.
260 _bCambridge Uty Press,
_aNew York:
_c1994.
300 _a586p
650 _aChemistry-Chemistry
942 _cBK
_2ddc
_h574.192
_iWIL/P
_k574.192
_mWIL/P